ARRUPE JESUIT UNIVERSITY

CORONAVIRUS -STOP THE SPREAD - CLEAN,DISINFECT,COVER

The prophets (Record no. 12123)

MARC details
000 -LEADER
fixed length control field 00477nam a2200217Ia 4500
003 - CONTROL NUMBER IDENTIFIER
control field 0100
008 - FIXED-LENGTH DATA ELEMENTS--GENERAL INFORMATION
fixed length control field 130303s9999 xx 000 0 und d
020 ## - INTERNATIONAL STANDARD BOOK NUMBER
International Standard Book Number 687343704
040 ## - CATALOGING SOURCE
Transcribing agency ARRUPELIB
050 ## - LIBRARY OF CONGRESS CALL NUMBER
Classification number BS1505.2.W37
300 ## - PHYSICAL DESCRIPTION
Other physical details 20cm.
100 ## - MAIN ENTRY--PERSONAL NAME
Personal name Ward, James M
245 #4 - TITLE STATEMENT
Title The prophets
260 ## - PUBLICATION, DISTRIBUTION, ETC. (IMPRINT)
Place of publication, distribution, etc Nashville
260 ## - PUBLICATION, DISTRIBUTION, ETC. (IMPRINT)
Name of publisher, distributor, etc Abington Press
260 ## - PUBLICATION, DISTRIBUTION, ETC. (IMPRINT)
-- 1982
300 ## - PHYSICAL DESCRIPTION
Extent 159p.
650 ## - SUBJECT ADDED ENTRY--TOPICAL TERM
Topical term following geographic name as entry element Analytical Psychology
700 ## - ADDED ENTRY--PERSONAL NAME
Personal name James M. Ward
942 00 - ADDED ENTRY ELEMENTS (KOHA)
Koha issues (borrowed), all copies 5
Holdings
Withdrawn status Lost status Source of classification or shelving scheme Damaged status Not for loan Home library Current library Shelving location Date acquired Total Checkouts Full call number Barcode Date last seen Date checked out Copy number Price effective from Koha item type
    Library of Congress Classification     ARRUPE LIBRARY ARRUPE LIBRARY   04/03/2013 18 BS1505.2.W37 46003091173 07/04/2022 01/04/2022 1 04/03/2013 Monograph ( Printed materials)

 

Arrupe Library. PO Box MP320 Mt Pleasant, Harare, Zimbabwe
263 242 745411|librarian@aju.ac.zw